000
00243nam a2200097Ia 4500
001
696190
005
20250826162008.0
008
250824s9999 xx 000 0 und d
245
0
_a
GURBET KUŞLARI/O.KEMAL/EVEREST
_c
ORHAN KEMAL
260
_b
EVEREST
999
_c
696190
_d
696190